|
|
|
|
| LEADER |
00000nam a2200000 a 4500 |
| 001 |
vtls001352851 |
| 003 |
SK-MaSNL |
| 005 |
20260224064834.0 |
| 008 |
98 d19sm y0 xx 0 und |
| 035 |
|
|
|a SNK000306244
|
| 040 |
|
|
|a SNK
|b slo
|c SNK
|e AACR2
|
| 245 |
1 |
|
|a STN EN 29888 Kvalita vody
|b Hodnotenie aeróbnej biodegradability organických látok vo vodnom prostredí. Statická skúška (Zahnova-Wellensova metóda)
|
| 260 |
|
|
|a Bratislava
|b Úrad pre normalizáciu, metrológiu a skúšobníctvo SR
|c 1998
|
| 300 |
|
|
|a 12 s.
|
| 999 |
|
|
|c 892425
|d 894355
|
| 952 |
|
|
|t P60, <03>, [BOOK], {603}
|a SNK
|b SNK
|y PREZ
|7 0
|p 17A0174474
|o snkSTN EN 29888
|i snkN 138/99
|0 0
|1 0
|4 0
|d 1999-01-19
|l 0
|r 2005-01-02 00:00:00
|w 2026-02-24
|
| 952 |
|
|
|t P60, <04>, [BOOK], {604}
|a SNK
|b SNK
|y VYP
|7 0
|p 17A0177299
|o snkSTN EN 29888 D1
|i snkN 139/99
|0 0
|1 0
|4 0
|d 1999-01-19
|l 0
|r 2005-01-02 00:00:00
|w 2026-02-24
|